[Event "Play for Durgesh Fundraiser Blitz"]
[Site "Vishy Anand Arena"]
[Date "2020.09.19"]
[Round "8"]
[White "Sahana007"]
[Black "Conqueror007"]
[Result "0-1"]
[WhiteElo "1444"]
[BlackElo "1324"]
[Annotator "NA"]
[PlyCount "108"]
[EventDate "2020.09.19"]
[EventType "swiss (blitz)"]

1. e4 c5 2. Nf3 e6 3. Bc4 d5 4. exd5 exd5 5. Bb3 Nf6 6. O-O Be7 7. h3 O-O 8. Nc3 a6 9. d3 b5 10. a3 c4 11. dxc4 dxc4 12. Qxd8 Rxd8 13. Ba2 Bb7 14. Be3 Nc6 15. Rad1 Rac8 16. Rxd8+ Rxd8 17. Rd1 Rxd1+ 18. Nxd1 b4 19. axb4 Nxb4 20. Bxc4 Nxc2 21. Bd2 Bb4 22. Bxb4 Nxb4 23. Nc3 Nbd5 24. Nxd5 Nxd5 25. Nd2 Kf8 26. Nb3 Nb6 27. Bd3 Nd7 28. Kf1 Ke7 29. Ke2 Kd6 30. Kd2 f6 31. Kc3 Nc5 32. Na5 Bxg2 33. Bxa6 Nxa6 34. b4 Nc7 35. Kc4 Bxh3 36. b5 Bf1+ 37. Kb4 Nxb5 38. f4 h5 39. Nc4+ Bxc4 40. Kxc4 h4 41. Kxb5 h3 42. Kc4 h2 43. Kd4 h1=Q 44. f5 Qd5+ 45. Ke3 Qxf5 46. Kd4 g5 47. Ke3 g4 48. Kd4 g3 49. Ke3 g2 50. Kd4 g1=Q+ 51. Kc4 Qgg4+ 52. Kc3 Qff3+ 53. Kd2 Qgg2+ 54. Ke1 Qff1# 0-1

[Event "Play for Durgesh Fundraiser Blitz"]
[Site "Vishy Anand Arena"]
[Date "2020.09.19"]
[Round "8"]
[White "prathameshb"]
[Black "AshokJV"]
[Result "0-1"]
[WhiteElo "1443"]
[BlackElo "1228"]
[Annotator "NA"]
[PlyCount "84"]
[EventDate "2020.09.19"]
[EventType "swiss (blitz)"]

1. e4 e5 2. d3 Nc6 3. Nf3 d6 4. c3 Bg4 5. Be2 Nf6 6. d4 exd4 7. cxd4 Bxf3 8. Bxf3 Qd7 9. b3 Be7 10. Bb2 O-O 11. O-O Rad8 12. d5 Ne5 13. Be2 c6 14. h3 h6 15. Bg4 Nexg4 16. hxg4 Qxg4 17. Qxg4 Nxg4 18. dxc6 bxc6 19. Rc1 c5 20. Nd2 Nf6 21. e5 dxe5 22. Bxe5 Rxd2 23. b4 cxb4 24. Bd4 Rxd4 25. Rc2 Rfd8 26. Rcc1 Ne4 27. Rd1 Rxd1+ 28. Rxd1 Rxd1+ 29. Kh2 Bg5 30. a4 Rd2 31. a5 Rxf2 32. Kg1 f5 33. Kh2 f4 34. Kg1 f3 35. gxf3 Rxf3 36. Kg2 Rg3+ 37. Kh2 Be3 38. Kh1 Rf3 39. Kg2 Rf2+ 40. Kg1 g5 41. Kh1 g4 42. Kg1 g3 0-1

[Event "Play for Durgesh Fundraiser Blitz"]
[Site "Vishy Anand Arena"]
[Date "2020.09.19"]
[Round "8"]
[White "Sanjith S"]
[Black "Tigerchamp"]
[Result "1-0"]
[WhiteElo "1434"]
[BlackElo "1479"]
[Annotator "NA"]
[PlyCount "101"]
[EventDate "2020.09.19"]
[EventType "swiss (blitz)"]

1. e4 e5 2. Nf3 Nc6 3. Bb5 d6 4. d4 exd4 5. Nxd4 Nge7 6. O-O Bd7 7. Nc3 Nxd4 8. Qxd4 Bxb5 9. Nxb5 a6 10. Nc3 f6 11. Nd5 Nxd5 12. exd5 Be7 13. Re1 O-O 14. Qg4 f5 15. Qg3 Bh4 16. Qf3 Re8 17. Bf4 Rxe1+ 18. Rxe1 Qf6 19. b3 Rf8 20. c4 g5 21. Bc1 Qd4 22. Qe2 Kf7 23. Qe6+ Kg7 24. g3 Qf6 25. Qe7+ Rf7 26. Qe6 Bxg3 27. hxg3 Re7 28. Qxe7+ Qxe7 29. Rxe7+ Kf6 30. Bxg5+ Kxg5 31. Rxc7 b5 32. Ra7 bxc4 33. bxc4 h5 34. Rxa6 h4 35. gxh4+ Kxh4 36. Rxd6 f4 37. a4 Kg4 38. a5 f3 39. a6 Kf4 40. a7 Ke5 41. c5 Ke4 42. a8=Q Kd3 43. Qa3+ Ke4 44. Qb4+ Kd3 45. Re6 Kc2 46. Qc4+ Kd1 47. Qd3+ Kc1 48. Qxf3 Kc2 49. Re2+ Kb1 50. Qb3+ Kc1 51. Qc2# 1-0

[Event "Play for Durgesh Fundraiser Blitz"]
[Site "Vishy Anand Arena"]
[Date "2020.09.19"]
[Round "8"]
[White "Parth11"]
[Black "smokyqueen"]
[Result "0-1"]
[WhiteElo "1432"]
[BlackElo "1543"]
[Annotator "NA"]
[PlyCount "132"]
[EventDate "2020.09.19"]
[EventType "swiss (blitz)"]

1. e4 e5 2. Nf3 Nc6 3. Bc4 Bc5 4. O-O Nf6 5. c3 d6 6. d4 exd4 7. cxd4 Bb4 8. Nc3 O-O 9. Re1 Bg4 10. h3 Bxf3 11. Qxf3 Nxd4 12. Qd3 Bxc3 13. bxc3 Nc6 14. Bg5 Ne5 15. Qe2 h6 16. Bxf6 Qxf6 17. Bb3 Rad8 18. Qe3 a6 19. f4 Ng6 20. Rad1 Qxf4 21. Qxf4 Nxf4 22. Rd2 Ne6 23. Red1 Nc5 24. Bd5 Rfe8 25. Rf1 Re7 26. Rdf2 Rf8 27. Rf4 c6 28. Bb3 Nxe4 29. Re1 d5 30. c4 Rd7 31. cxd5 cxd5 32. Bxd5 Rxd5 33. Rfxe4 Rd2 34. Rb1 Rxa2 35. Rxb7 a5 36. Ra7 Rd8 37. Ree7 Rd1+ 38. Kh2 Rdd2 39. Rxf7 Rxg2+ 40. Kh1 Rh2+ 41. Kg1 Rhg2+ 42. Kf1 a4 43. Rfb7 a3 44. Rb8+ Kh7 45. Rb1 Raf2+ 46. Ke1 a2 47. Ra1 Rb2 48. Kf1 Rb1+ 49. Kxg2 Rxa1 50. Kh2 h5 51. Ra6 g6 52. Kg2 Kh6 53. Kf2 h4 54. Ke2 Rh1 55. Rxa2 Rh2+ 56. Kf3 Rxa2 57. Kg4 Ra4+ 58. Kf3 Kg5 59. Kg2 Kf4 60. Kf2 Ra2+ 61. Ke1 Kg3 62. Kf1 Kxh3 63. Ke1 Kg3 64. Kf1 h3 65. Ke1 h2 66. Kd1 h1=Q# 0-1

[Event "Play for Durgesh Fundraiser Blitz"]
[Site "Vishy Anand Arena"]
[Date "2020.09.19"]
[Round "8"]
[White "Anshuman Upadhyay"]
[Black "Iameture123"]
[Result "1-0"]
[WhiteElo "1430"]
[BlackElo "1405"]
[Annotator "NA"]
[PlyCount "89"]
[EventDate "2020.09.19"]
[EventType "swiss (blitz)"]

1. e4 e5 2. Nf3 Nc6 3. d4 exd4 4. Bc4 Bc5 5. Ng5 d5 6. Bxd5 Be6 7. Bxe6 fxe6 8. Nxe6 Qe7 9. Qg4 Nf6 10. Nxg7+ Kd8 11. Ne6+ Ke8 12. Nxc5 Nxg4 13. Nd3 Rf8 14. O-O Qxe4 15. Re1 Ne3 16. Bxe3 Kd7 17. Bh6 Qf5 18. Bxf8 Qxf8 19. Nd2 Qf7 20. Nf3 Rg8 21. Nde5+ Ke6 22. Nxf7+ Kxf7 23. Rad1 b5 24. Nxd4 Nxd4 25. Rxd4 Kf6 26. Rf4+ Kg7 27. Rg4+ Kh8 28. Re8 Rxe8 29. Kf1 Rd8 30. Rb4 Rd2 31. Rxb5 Rxc2 32. Rb7 a5 33. a4 Rc1+ 34. Ke2 Ra1 35. b3 Ra2+ 36. Kf3 Rc2 37. Ra7 Rc3+ 38. Kg4 Rxb3 39. Rxa5 Rb4+ 40. Kf3 Rb6 41. Ke2 Re6+ 42. Kf1 Rh6 43. f3 Rxh2 44. Kg1 Rh6 45. Ra8+ 1-0

[Event "Play for Durgesh Fundraiser Blitz"]
[Site "Vishy Anand Arena"]
[Date "2020.09.19"]
[Round "8"]
[White "Prateek_thakur"]
[Black "Vivaan_r_2204"]
[Result "0-1"]
[WhiteElo "1425"]
[BlackElo "1574"]
[Annotator "NA"]
[PlyCount "94"]
[EventDate "2020.09.19"]
[EventType "swiss (blitz)"]

1. e4 e5 2. Nf3 Nc6 3. Bc4 a6 4. Nc3 h6 5. d3 Bc5 6. h4 d6 7. a3 Bg4 8. Be3 Nf6 9. Qd2 Bxf3 10. gxf3 O-O 11. Bxc5 dxc5 12. f4 Qe7 13. fxe5 Nxe5 14. Bb3 Nf3+ 15. Ke2 Nxd2 16. Kxd2 Nh5 17. Ke3 Qf6 18. Rag1 Qf4+ 19. Ke2 Rae8 20. Nd5 Qd6 21. Rg4 c6 22. Rhg1 cxd5 23. Bxd5 Nf4+ 24. Ke3 Nxd5+ 25. Kd2 Qh2 26. Rxg7+ Kh8 27. R7g4 Qxf2+ 28. Kc1 Ne3 29. Kb1 Qxc2+ 30. Ka2 Nd1 31. R1g2 Qc1 32. Rf4 Rd8 33. Rf3 Rd6 34. h5 Ne3 35. Rgf2 Ng4 36. Rf1 Nf2 37. R1xf2 Qg5 38. Rh2 Qg1 39. Rhf2 Qd1 40. Rf1 Qe2 41. R1f2 Qd1 42. Rf1 Qc2 43. R1f2 Qa4 44. e5 Re6 45. Rf4 Qb5 46. R4f3 c4 47. d4 c3 0-1

[Event "Play for Durgesh Fundraiser Blitz"]
[Site "Vishy Anand Arena"]
[Date "2020.09.19"]
[Round "8"]
[White "Supriya H B"]
[Black "Tanishagr"]
[Result "1-0"]
[WhiteElo "1417"]
[BlackElo "1408"]
[Annotator "NA"]
[PlyCount "77"]
[EventDate "2020.09.19"]
[EventType "swiss (blitz)"]

1. e4 e5 2. Nf3 Nc6 3. d4 Nf6 4. dxe5 Nxe5 5. Nxe5 Bb4+ 6. c3 Bd6 7. Nf3 O-O 8. Be2 Nxe4 9. O-O Be7 10. Bd3 Nc5 11. Bc2 d6 12. Bf4 Bh4 13. Bg3 Bxg3 14. hxg3 Qf6 15. Nh2 Qh6 16. Qd2 Qxd2 17. Nxd2 Re8 18. Rae1 Rxe1 19. Rxe1 Be6 20. a3 Nb3 21. Nxb3 Bxb3 22. Bxb3 Kf8 23. Ng4 Re8 24. Rxe8+ Kxe8 25. f4 f5 26. Ne3 g6 27. g4 fxg4 28. Nxg4 h5 29. Nf6+ Kf8 30. Nd5 b5 31. Nxc7 a6 32. Nxa6 Kg7 33. Nc7 Kf6 34. Nxb5 Kf5 35. Nxd6+ Kxf4 36. Kf2 g5 37. g3+ Kg4 38. Kg2 h4 39. Bd1# 1-0

[Event "Play for Durgesh Fundraiser Blitz"]
[Site "Vishy Anand Arena"]
[Date "2020.09.19"]
[Round "8"]
[White "aaryan jogalekar"]
[Black "IshaanKher"]
[Result "1-0"]
[WhiteElo "1410"]
[BlackElo "1345"]
[Annotator "NA"]
[PlyCount "61"]
[EventDate "2020.09.19"]
[EventType "swiss (blitz)"]

1. e4 e5 2. Nf3 Bd6 3. Nc3 Nc6 4. Bc4 Nf6 5. O-O O-O 6. d3 Bb4 7. Bd2 d6 8. a3 Bxc3 9. Bxc3 Bg4 10. Re1 Nd4 11. Re3 Nxf3+ 12. Rxf3 Bxf3 13. Qxf3 Qd7 14. Bd2 c6 15. Qg3 g6 16. Qf3 Qe6 17. Bxe6 fxe6 18. Qh3 h5 19. Qh4 d5 20. exd5 cxd5 21. Bg5 Nd7 22. Qg3 e4 23. dxe4 dxe4 24. Re1 Nc5 25. Qh4 Rfe8 26. Bf6 Kf7 27. Qg5 e3 28. Rxe3 Rac8 29. Be5 Rc6 30. Qf6+ Kg8 31. Qg7# 1-0

[Event "Play for Durgesh Fundraiser Blitz"]
[Site "Vishy Anand Arena"]
[Date "2020.09.19"]
[Round "8"]
[White "Thewinner64"]
[Black "Chnivas"]
[Result "1-0"]
[WhiteElo "1407"]
[BlackElo "1419"]
[Annotator "NA"]
[PlyCount "63"]
[EventDate "2020.09.19"]
[EventType "swiss (blitz)"]

1. e4 e6 2. d4 d5 3. Nc3 Nf6 4. Bg5 Be7 5. e5 Nfd7 6. Bxe7 Qxe7 7. Nf3 a6 8. Bd3 c5 9. dxc5 Nxc5 10. Qe2 Nxd3+ 11. Qxd3 Bd7 12. O-O-O Nc6 13. Na4 Nb4 14. Qa3 Rc8 15. c3 b5 16. Nb6 Rc7 17. Nxd7 Kxd7 18. Kb1 Nc6 19. Qxe7+ Kxe7 20. Nd4 Nxe5 21. f4 Nd7 22. Rhe1 Rhc8 23. Nf5+ Kf8 24. Nd4 Nc5 25. Kc2 Nb7 26. f5 Nc5 27. fxe6 Nxe6 28. Nxe6+ fxe6 29. Rxe6 b4 30. Kb3 bxc3 31. bxc3 Rxc3+ 32. Kb4 1-0

[Event "Play for Durgesh Fundraiser Blitz"]
[Site "Vishy Anand Arena"]
[Date "2020.09.19"]
[Round "8"]
[White "Aayush NPS"]
[Black "Ishaan31"]
[Result "1-0"]
[WhiteElo "1397"]
[BlackElo "1150"]
[Annotator "NA"]
[PlyCount "73"]
[EventDate "2020.09.19"]
[EventType "swiss (blitz)"]

1. d4 e5 2. dxe5 Nc6 3. Nf3 Bb4+ 4. c3 Bc5 5. b4 Nge7 6. bxc5 d6 7. exd6 cxd6 8. cxd6 Nf5 9. d7+ Bxd7 10. Nd4 Nfxd4 11. cxd4 Qa5+ 12. Bd2 Qa3 13. Nxa3 O-O-O 14. Nb5 Ne7 15. Nxa7+ Kb8 16. Bb4 Rhf8 17. Bxe7 Rfe8 18. Bxd8 Rxd8 19. Qd3 Kxa7 20. Qa3+ Kb8 21. Qe7 Kc8 22. Rc1+ Bc6 23. Qxf7 Rd7 24. Qf5 g6 25. Rc5 gxf5 26. Rxf5 Rxd4 27. e3 Rd3 28. Bxd3 Be4 29. Rf8+ Kc7 30. Bxe4 Kd6 31. Rf6+ Ke5 32. Rf7 Kxe4 33. Ke2 Kd5 34. Rxb7 Kc6 35. Rxh7 Kb5 36. Rb1+ Ka4 37. Ra7# 1-0

[Event "Play for Durgesh Fundraiser Blitz"]
[Site "Vishy Anand Arena"]
[Date "2020.09.19"]
[Round "8"]
[White "Gskaavya"]
[Black "SudiNarayana"]
[Result "1-0"]
[WhiteElo "1382"]
[BlackElo "1186"]
[Annotator "NA"]
[PlyCount "51"]
[EventDate "2020.09.19"]
[EventType "swiss (blitz)"]

1. e4 e5 2. Nf3 Nc6 3. Bc4 Bc5 4. c3 b5 5. Bxb5 d6 6. Bxc6+ Bd7 7. Bxa8 Qxa8 8. Qe2 Qb8 9. d4 Bb5 10. c4 Bxc4 11. Qxc4 Bb6 12. dxe5 dxe5 13. Nxe5 Nf6 14. Qxf7+ Kd8 15. Nc6+ Kc8 16. Nxb8 Kxb8 17. Qxg7 Re8 18. Qxf6 Rxe4+ 19. Kf1 Rc4 20. Qd8+ Kb7 21. Qd5+ Rc6 22. Nc3 Ba5 23. Bd2 Bxc3 24. bxc3 Kb6 25. Rb1+ Ka6 26. Qb5# 1-0

[Event "Play for Durgesh Fundraiser Blitz"]
[Site "Vishy Anand Arena"]
[Date "2020.09.19"]
[Round "8"]
[White "Harshpatil"]
[Black "Palakchaurasia"]
[Result "1-0"]
[WhiteElo "1379"]
[BlackElo "1331"]
[Annotator "NA"]
[PlyCount "57"]
[EventDate "2020.09.19"]
[EventType "swiss (blitz)"]

1. e4 e5 2. Nf3 Nc6 3. Bc4 Nf6 4. Ng5 d5 5. exd5 Nxd5 6. Qf3 Nf6 7. Nxf7 Qd7 8. Nxh8 b6 9. d3 Qd6 10. Nf7 Qd7 11. O-O Bb7 12. Re1 Qd6 13. Nxd6+ cxd6 14. Bg5 h6 15. Bxf6 gxf6 16. Qh5+ Kd8 17. Qf7 Be7 18. Nc3 a5 19. Nd5 h5 20. Nxe7 Nxe7 21. Qf8+ Kd7 22. Qf7 Bxg2 23. Kxg2 h4 24. d4 Rc8 25. b3 Rc6 26. dxe5 dxe5 27. Rad1+ Kc7 28. Qxe7+ Kc8 29. Rd8# 1-0

[Event "Play for Durgesh Fundraiser Blitz"]
[Site "Vishy Anand Arena"]
[Date "2020.09.19"]
[Round "8"]
[White "Zoyanizar"]
[Black "Abhishek20082000"]
[Result "1-0"]
[WhiteElo "1375"]
[BlackElo "1469"]
[Annotator "NA"]
[PlyCount "75"]
[EventDate "2020.09.19"]
[EventType "swiss (blitz)"]

1. d4 e6 2. Bf4 d5 3. e3 c5 4. c3 Qb6 5. Qb3 Nc6 6. Qxb6 axb6 7. c4 Nb4 8. Nc3 Nc2+ 9. Kd2 Nxa1 10. Nf3 Nf6 11. Bd3 Nh5 12. Rxa1 Nxf4 13. exf4 cxd4 14. Nxd4 Bc5 15. Ndb5 O-O 16. cxd5 exd5 17. Nxd5 Bxf2 18. a3 Be6 19. Ndc7 Rad8 20. Ke2 Bc5 21. b4 Bd4 22. f5 Bc8 23. Rd1 Be5 24. Be4 Rxd1 25. Kxd1 Bxc7 26. Nxc7 Rd8+ 27. Ke2 Rd7 28. Nd5 Rd6 29. Ne7+ Kf8 30. Nxc8 Rd8 31. Nxb6 Rd6 32. Nc4 Rd4 33. Bd3 b5 34. Ne5 f6 35. Nc6 Rd6 36. Bxb5 Rd5 37. a4 Rxf5 38. Nd4 1-0

[Event "Play for Durgesh Fundraiser Blitz"]
[Site "Vishy Anand Arena"]
[Date "2020.09.19"]
[Round "8"]
[White "Boonrook"]
[Black "Amalraj001"]
[Result "0-1"]
[WhiteElo "1366"]
[BlackElo "1614"]
[Annotator "NA"]
[PlyCount "60"]
[EventDate "2020.09.19"]
[EventType "swiss (blitz)"]

1. e4 c5 2. Nf3 d6 3. c4 Nc6 4. Nc3 Bg4 5. Be2 Nf6 6. d3 g6 7. Bg5 Bg7 8. Bxf6 Bxf6 9. Qa4 O-O 10. Rb1 a6 11. Nd5 Bg7 12. Qc2 Bxf3 13. Bxf3 Nd4 14. Qd2 Nxf3+ 15. gxf3 e6 16. Nf4 Bh6 17. Qe3 e5 18. Ke2 Bxf4 19. Qxf4 exf4 20. Rhg1 Re8 21. Rg4 Qf6 22. b3 h5 23. Rg2 Kh7 24. h4 b5 25. Rg5 bxc4 26. bxc4 Rab8 27. Rxb8 Rxb8 28. Kf1 Rb2 29. Kg2 Qd4 30. Rd5 Qxf2+ 0-1

[Event "Play for Durgesh Fundraiser Blitz"]
[Site "Vishy Anand Arena"]
[Date "2020.09.19"]
[Round "8"]
[White "bhaveshvyas_01"]
[Black "nishu123"]
[Result "1-0"]
[WhiteElo "1364"]
[BlackElo "1330"]
[Annotator "NA"]
[PlyCount "47"]
[EventDate "2020.09.19"]
[EventType "swiss (blitz)"]

1. d4 d5 2. Bf4 Nf6 3. Nf3 Nc6 4. e3 Bg4 5. Be2 e6 6. h3 Bxf3 7. Bxf3 Bb4+ 8. c3 Be7 9. Nd2 O-O 10. Qc2 e5 11. dxe5 Ne4 12. Bxe4 dxe4 13. Qxe4 a5 14. O-O-O b6 15. Nc4 Bc5 16. Rxd8 Rfxd8 17. Qxc6 Rac8 18. e6 fxe6 19. Qxe6+ Kh8 20. Rd1 Re8 21. Qf5 h6 22. Be5 Rf8 23. Qd7 Rcd8 24. Qxg7# 1-0

[Event "Play for Durgesh Fundraiser Blitz"]
[Site "Vishy Anand Arena"]
[Date "2020.09.19"]
[Round "8"]
[White "SaurabhGurbhele"]
[Black "advay_aggarwal"]
[Result "0-1"]
[WhiteElo "1354"]
[BlackElo "1504"]
[Annotator "NA"]
[PlyCount "50"]
[EventDate "2020.09.19"]
[EventType "swiss (blitz)"]

1. e4 c6 2. d4 d5 3. e5 Bf5 4. Nd2 f6 5. Ngf3 fxe5 6. Nxe5 Nf6 7. c3 e6 8. Ndf3 Bd6 9. Bg5 h6 10. Ng6 Bxg6 11. Bxf6 Qxf6 12. Bd3 Bxd3 13. Qxd3 Nd7 14. O-O O-O-O 15. Rab1 c5 16. b4 c4 17. Qc2 Qf5 18. Qa4 Kb8 19. Nh4 Qh5 20. g3 Bf4 21. Qb5 g5 22. gxf4 Qxh4 23. Rfe1 Qg4+ 24. Kf1 Qh3+ 25. Ke2 Qd3# 0-1

[Event "Play for Durgesh Fundraiser Blitz"]
[Site "Vishy Anand Arena"]
[Date "2020.09.19"]
[Round "8"]
[White "Prathinav244"]
[Black "Niru_g"]
[Result "0-1"]
[WhiteElo "1353"]
[BlackElo "1603"]
[Annotator "NA"]
[PlyCount "82"]
[EventDate "2020.09.19"]
[EventType "swiss (blitz)"]

1. d4 Nf6 2. Bf4 g6 3. e3 Bg7 4. Nf3 d6 5. Be2 O-O 6. c3 Nc6 7. Bg3 Nh5 8. Nbd2 Nxg3 9. hxg3 e5 10. Ne4 f5 11. Neg5 h6 12. Nh3 g5 13. Nhg1 e4 14. Nh2 f4 15. gxf4 gxf4 16. Ng4 Bxg4 17. Bxg4 fxe3 18. fxe3 Qf6 19. Qe2 Ne7 20. O-O-O Qf2 21. Nh3 Qxe2 22. Bxe2 Nf5 23. Kd2 Ng3 24. Rhg1 c5 25. Nf4 cxd4 26. Bc4+ Kh7 27. cxd4 Bxd4 28. Ne2 Nxe2 29. Kxe2 Bxb2 30. Rxd6 Rad8 31. Re6 Rd7 32. Rh1 Bg7 33. Bb3 Rfd8 34. Rd1 Rxd1 35. Bxd1 Bc3 36. Re7+ Kg6 37. Rxe4 Rd2+ 38. Kf3 Rxd1 39. Rg4+ Kh5 40. Rc4 Bf6 41. g4+ Kg6 0-1

[Event "Play for Durgesh Fundraiser Blitz"]
[Site "Vishy Anand Arena"]
[Date "2020.09.19"]
[Round "8"]
[White "Pratul Rastogi"]
[Black "Ameethh"]
[Result "0-1"]
[WhiteElo "1353"]
[BlackElo "1490"]
[Annotator "NA"]
[PlyCount "62"]
[EventDate "2020.09.19"]
[EventType "swiss (blitz)"]

1. d4 Nf6 2. Nf3 d5 3. c4 e6 4. e3 c5 5. cxd5 exd5 6. Nc3 cxd4 7. exd4 Bb4 8. Bd2 O-O 9. Be2 Nc6 10. O-O Bf5 11. Ne5 Nxd4 12. a3 Bd6 13. Nf3 Nxe2+ 14. Qxe2 Re8 15. Qb5 Rb8 16. Nxd5 Nxd5 17. Qxd5 Bxh2+ 18. Kxh2 Qxd5 19. Bf4 Qe4 20. Bxb8 Rxb8 21. Nd2 Qf4+ 22. Kg1 Qxd2 23. Rfd1 Qxb2 24. Rab1 Bxb1 25. Re1 h6 26. Kf1 Rd8 27. Kg1 Rd2 28. Rf1 Be4 29. f3 Rxg2+ 30. Kh1 Rh2+ 31. Kg1 Qg2# 0-1

[Event "Play for Durgesh Fundraiser Blitz"]
[Site "Vishy Anand Arena"]
[Date "2020.09.19"]
[Round "8"]
[White "Ghostly"]
[Black "Vvalsaraju"]
[Result "0-1"]
[WhiteElo "1349"]
[BlackElo "1404"]
[Annotator "NA"]
[PlyCount "46"]
[EventDate "2020.09.19"]
[EventType "swiss (blitz)"]

1. e4 c5 2. Nf3 Nc6 3. Nc3 e6 4. Bc4 a6 5. d3 Be7 6. Bf4 d6 7. O-O Nf6 8. Qd2 O-O 9. Rae1 e5 10. Bg3 Bg4 11. Nd5 Bxf3 12. gxf3 Nd4 13. Re3 Nxd5 14. exd5 Bg5 15. f4 exf4 16. Bxf4 Bxf4 17. Kh1 Qh4 18. f3 Bxe3 19. Qxe3 Rfe8 20. Qf2 Qh5 21. Qg2 Re2 22. Qg3 Nf5 23. Qg4 Qxh2# 0-1

[Event "Play for Durgesh Fundraiser Blitz"]
[Site "Vishy Anand Arena"]
[Date "2020.09.19"]
[Round "8"]
[White "Shreedharlohar"]
[Black "superark"]
[Result "1-0"]
[WhiteElo "1347"]
[BlackElo "1415"]
[Annotator "NA"]
[PlyCount "63"]
[EventDate "2020.09.19"]
[EventType "swiss (blitz)"]

1. e4 e5 2. Nc3 Nc6 3. d3 Nf6 4. Nf3 Bb4 5. Bg5 h6 6. Bh4 g5 7. Bg3 d6 8. Be2 Bg4 9. Nd2 Bxe2 10. Qxe2 Nd4 11. Qd1 Qd7 12. h3 O-O-O 13. O-O h5 14. a3 Bxc3 15. bxc3 Nc6 16. a4 Rdg8 17. Qb1 g4 18. h4 b6 19. Qb3 Ne7 20. Rfb1 Ng6 21. c4 Nxh4 22. Bxh4 g3 23. Bxg3 h4 24. Bh2 h3 25. g3 Qg4 26. a5 Qe2 27. axb6 Ng4 28. Rf1 Qxd2 29. Rxa7 Qe2 30. b7+ Kd8 31. Ra8+ Kd7 32. b8=Q 1-0

[Event "Play for Durgesh Fundraiser Blitz"]
[Site "Vishy Anand Arena"]
[Date "2020.09.19"]
[Round "8"]
[White "Cubing siddanth"]
[Black "Invokeanand"]
[Result "1-0"]
[WhiteElo "1339"]
[BlackElo "1449"]
[Annotator "NA"]
[PlyCount "49"]
[EventDate "2020.09.19"]
[EventType "swiss (blitz)"]

1. e4 e5 2. Nf3 Nc6 3. Bc4 d6 4. Nc3 Bg4 5. b3 Nf6 6. Bb2 Be7 7. Qe2 O-O 8. O-O-O Bxf3 9. gxf3 Nd4 10. Qf1 a6 11. Rg1 Nh5 12. Qg2 g6 13. Nd5 Ne2+ 14. Bxe2 Nf4 15. Qg3 Nxe2+ 16. Kb1 Nxg1 17. Rxg1 Kh8 18. Nxe7 Qxe7 19. d4 b5 20. dxe5 c5 21. exd6+ Kg8 22. dxe7 Rfe8 23. Qe5 f6 24. Qxf6 Rf8 25. Qg7# 1-0

[Event "Play for Durgesh Fundraiser Blitz"]
[Site "Vishy Anand Arena"]
[Date "2020.09.19"]
[Round "8"]
[White "GIRI_CHESSBASE"]
[Black "Stormingrage_60"]
[Result "0-1"]
[WhiteElo "1334"]
[BlackElo "1582"]
[Annotator "NA"]
[PlyCount "140"]
[EventDate "2020.09.19"]
[EventType "swiss (blitz)"]

1. e4 e6 2. d4 Be7 3. Nc3 d6 4. Nf3 Nc6 5. Be3 Nb4 6. Bd3 Nc6 7. Qd2 Nf6 8. O-O-O e5 9. dxe5 Nxe5 10. Nxe5 dxe5 11. Bg5 Be6 12. Bb5+ c6 13. Qxd8+ Rxd8 14. Rxd8+ Bxd8 15. Be2 O-O 16. Rd1 Bc7 17. h3 h6 18. Bh4 g5 19. Bg3 Ba5 20. Bxe5 Bxc3 21. Bxc3 Nxe4 22. Bb4 c5 23. Bd2 Rd8 24. f3 Rxd2 25. Rxd2 Nxd2 26. Kxd2 Kg7 27. Kc3 b6 28. Bc4 Kf6 29. Bxe6 Kxe6 30. Kc4 Kd6 31. Kb5 Kc7 32. c3 f5 33. g3 h5 34. a3 Kb7 35. b3 Kc7 36. Kc4 Kd6 37. Kd3 a6 38. Ke3 Ke5 39. f4+ gxf4+ 40. gxf4+ Kd5 41. Kf3 b5 42. Kg3 Ke4 43. Kh4 Kxf4 44. Kxh5 Kg3 45. h4 f4 46. Kg5 f3 47. h5 f2 48. h6 f1=Q 49. h7 Qf8 50. c4 Qg7+ 51. Kf5 bxc4 52. bxc4 Qxh7+ 53. Ke5 Qd3 54. a4 Qxc4 55. a5 Qb5 56. Ke4 Qxa5 57. Kd3 Qb4 58. Ke2 a5 59. Kd1 a4 60. Ke2 Qb3 61. Kd2 a3 62. Ke2 a2 63. Kd2 Qb2+ 64. Ke3 a1=Q 65. Kd3 Qc3+ 66. Ke4 Qae1+ 67. Kd5 Qd4+ 68. Kc6 Qe6+ 69. Kb5 Qdc4+ 70. Ka5 Qb4# 0-1

[Event "Play for Durgesh Fundraiser Blitz"]
[Site "Vishy Anand Arena"]
[Date "2020.09.19"]
[Round "8"]
[White "Aryam_2006"]
[Black "SuhasMrinal"]
[Result "0-1"]
[WhiteElo "1331"]
[BlackElo "1476"]
[Annotator "NA"]
[PlyCount "58"]
[EventDate "2020.09.19"]
[EventType "swiss (blitz)"]

1. e4 e5 2. Nf3 Nc6 3. Bb5 a6 4. Ba4 Nf6 5. O-O Be7 6. Re1 b5 7. Bb3 O-O 8. c3 d5 9. h3 dxe4 10. Nh2 Bc5 11. Bc2 Bf5 12. Kh1 Qd5 13. f3 exf3 14. Nxf3 e4 15. Nh2 Bxh3 16. Qe2 e3 17. d4 Bd6 18. Nf3 Bg4 19. Qxe3 Rae8 20. Qf2 Rxe1+ 21. Nxe1 Ne4 22. Bxe4 Qxe4 23. Be3 Qf5 24. Nd2 Qxf2 25. Bxf2 Bf4 26. Ndf3 Bxf3 27. Nxf3 Re8 28. Rd1 Re2 29. Kg1 Rxb2 0-1

[Event "Play for Durgesh Fundraiser Blitz"]
[Site "Vishy Anand Arena"]
[Date "2020.09.19"]
[Round "8"]
[White "Shivanibai"]
[Black "BalbirSinghRana"]
[Result "1-0"]
[WhiteElo "1262"]
[BlackElo "1606"]
[Annotator "NA"]
[PlyCount "51"]
[EventDate "2020.09.19"]
[EventType "swiss (blitz)"]

1. e4 f5 2. exf5 Nf6 3. Nf3 d5 4. c4 d4 5. c5 Bxf5 6. Bc4 e6 7. Ng5 Nd5 8. Bxd5 Qxg5 9. Bxb7 Bg4 10. Qa4+ Nd7 11. Bxa8 Bxc5 12. O-O O-O 13. Qxd7 Rxa8 14. d3 Bf3 15. Bxg5 Bxg2 16. Kxg2 Bd6 17. Re1 Rf8 18. Qxd6 cxd6 19. Na3 Kf7 20. Nb5 e5 21. Nxd6+ Ke6 22. Ne4 Rf5 23. Nc5+ Kd5 24. Nd7 h6 25. Bh4 Rg5+ 26. Bxg5 1-0

[Event "Play for Durgesh Fundraiser Blitz"]
[Site "Vishy Anand Arena"]
[Date "2020.09.19"]
[Round "8"]
[White "ruhikansb"]
[Black "Ritvik1705"]
[Result "0-1"]
[WhiteElo "1259"]
[BlackElo "1370"]
[Annotator "NA"]
[PlyCount "58"]
[EventDate "2020.09.19"]
[EventType "swiss (blitz)"]

1. e4 e5 2. Nf3 Nf6 3. Nxe5 Nc6 4. Nxc6 dxc6 5. Nc3 Bc5 6. Bc4 Ng4 7. d3 Bxf2+ 8. Kf1 Bd4 9. Qf3 Ne5 10. Qf4 Nxc4 11. dxc4 O-O 12. Qg3 Qf6+ 13. Ke2 Re8 14. Bd2 Be5 15. Qd3 Bg4+ 16. Ke1 Rad8 17. Rf1 Qh4+ 18. g3 Qxh2 19. Qe3 Bxg3+ 20. Qf2 Bxf2+ 21. Rxf2 Qh1+ 22. Rf1 Rxe4+ 23. Nxe4 Qxe4+ 24. Kf2 Rxd2+ 25. Kg3 Rg2+ 26. Kh4 Rh2+ 27. Kg3 Rh3+ 28. Kf2 Qf3+ 29. Ke1 Qe3# 0-1

[Event "Play for Durgesh Fundraiser Blitz"]
[Site "Vishy Anand Arena"]
[Date "2020.09.19"]
[Round "8"]
[White "RuchirNSB"]
[Black "Nisanth2107"]
[Result "1-0"]
[WhiteElo "1257"]
[BlackElo "1617"]
[Annotator "NA"]
[PlyCount "83"]
[EventDate "2020.09.19"]
[EventType "swiss (blitz)"]

1. e4 e5 2. Nf3 Nc6 3. d4 exd4 4. Bc4 Bc5 5. c3 dxc3 6. Bxf7+ Kxf7 7. Qd5+ Ke8 8. Qh5+ g6 9. Qxc5 Nf6 10. Qxc3 d6 11. Bg5 Rf8 12. O-O Be6 13. Bxf6 Rxf6 14. Ng5 h6 15. Nxe6 Rxe6 16. Nd2 Qe7 17. Rfe1 d5 18. Qh8+ Qf8 19. Qxf8+ Kxf8 20. exd5 Rxe1+ 21. Rxe1 Nb4 22. a3 Nxd5 23. Nf3 Re8 24. Rxe8+ Kxe8 25. Ne5 g5 26. Kf1 Ke7 27. Ke2 Ke6 28. Ng4 h5 29. Ne3 Nxe3 30. fxe3 Ke5 31. Kf3 Kf5 32. e4+ Ke5 33. g4 h4 34. Ke3 c6 35. Kd3 b6 36. b4 a6 37. a4 b5 38. a5 Kf4 39. Kd4 Kxg4 40. e5 Kh3 41. e6 g4 42. e7 1-0

[Event "Play for Durgesh Fundraiser Blitz"]
[Site "Vishy Anand Arena"]
[Date "2020.09.19"]
[Round "8"]
[White "Saharshkuna"]
[Black "Queenbee1"]
[Result "1-0"]
[WhiteElo "1235"]
[BlackElo "978"]
[Annotator "NA"]
[PlyCount "67"]
[EventDate "2020.09.19"]
[EventType "swiss (blitz)"]

1. e4 e5 2. Bc4 Nc6 3. Qh5 Qe7 4. Nf3 Nf6 5. Ng5 Nxh5 6. Nxf7 Rg8 7. Nd6+ Qxd6 8. Bxg8 Nb4 9. Bb3 a5 10. a4 b5 11. Na3 bxa4 12. Bxa4 Nf4 13. O-O Qg6 14. g3 Nh3+ 15. Kh1 Qxe4+ 16. f3 Qd5 17. c4 Qd6 18. Nc2 Nd3 19. Ne3 Ndf2+ 20. Kg2 Qg6 21. Rxf2 Bc5 22. Kxh3 Bxe3 23. dxe3 Kf8 24. Bc2 d6+ 25. Kg2 Qh6 26. e4 Qh3+ 27. Kg1 Bb7 28. Rg2 Ke7 29. Rf2 Rf8 30. Bd1 g6 31. Rg2 h5 32. Rf2 g5 33. Rg2 h4 34. gxh4 1-0